Top 5 Countries that produce ... #2 - Statistics

General Stats
  • This quiz has been taken 82 times
  • The average score is 25 of 30
Answer Stats
Answer % Correct
Italy
99%
United States
99%
United States
99%
Brazil
97%
Brazil
97%
China
97%
China
97%
China
97%
Spain
97%
Mexico
96%
Greece
94%
India
92%
India
92%
India
92%
India
92%
Russia
89%
Indonesia
88%
Colombia
86%
Peru
86%
Turkey
86%
Turkey
86%
Ukraine
75%
Ecuador
69%
Morocco
69%
Thailand
69%
Poland
63%
Costa Rica
60%
Philippines
57%
Philippines
57%
Dominican Republic
49%
No matching quizzes found
Score Distribution
Percent of People with Each Score
Percentile by Number Answered
Your Score History
You have not taken this quiz